| 000 | 00598cam a22002052a 4500 | ||
|---|---|---|---|
| 001 | 007781 | ||
| 003 | AR-FADEU | ||
| 008 | 311216n1960####xxu####################dd | ||
| 092 |
_a324.9 _bL431-6 |
||
| 100 | _aLazarsfeld, Paul Félix | ||
| 245 | _aEl pueblo elige : estudio del proceso de formación del voto durante una campaña presidencial | ||
| 260 | _aBuenos Aires | ||
| 260 | _bEdiciones 3 | ||
| 260 | _c1960 | ||
| 300 | _a323 p. : graf | ||
| 440 | _aHombre y sociedad | ||
| 500 | _aIncluye App: p. 219-223 | ||
| 650 | _aCAMPAÑAS ELECTORALES; SOCIOLOGIA ELECTORAL | ||
| 942 | _cBDGR | ||
| 999 |
_c13595 _d13595 |
||